| 000 | 00364nam a22001577a 4500 | ||
|---|---|---|---|
| 999 |
_c4736 _d4736 |
||
| 008 | 200824b ||||| |||| 00| 0 eng d | ||
| 082 | 0 | 0 |
_a387.544 _bK321 |
| 100 |
_91932 _aKemp |
||
| 245 | 1 | 0 |
_aNotes on cargo work _cby Kemp |
| 260 |
_aSurrey _bKandy _c1960 |
||
| 300 | _a80 p | ||
| 365 | _d5.20 | ||
| 650 | 0 | _aCargo Handling | |
| 700 |
_91933 _aYoung |
||
| 942 | _cBK | ||